| 000 | 00870nam a22002777a 4500 | ||
|---|---|---|---|
| 001 | 7778 | ||
| 003 | FISKH | ||
| 005 | 20250806083500.0 | ||
| 008 | 250806b cb ||||| |||| 00| 0 eng d | ||
| 020 | _a9780590433662 | ||
| 040 |
_aFISKH _beng _cFISKH _dFISKH |
||
| 050 | _aQL768 .D67 | ||
| 082 | _a591 | ||
| 100 | _aDorrors, Arthur | ||
| 245 |
_aAnimal tracks / _cWritten and illustrated by Arthur Dorros |
||
| 260 |
_aNew York : _bScholastic , _c1991. |
||
| 300 |
_a30 unnumbered pages : _bcolor illustrations ; _c21 X26 cm . |
||
| 505 | _aM | ||
| 520 | _aIntroduces the tracks and signs left by various animals, including the raccoon, duck, frog, black bear, and human. | ||
| 521 | 8 |
_a540
_bLexile |
|
| 521 | 8 |
_aM
_bRaz-Plus |
|
| 650 |
_aAnimal tracks _vNon-fiction |
||
| 700 |
_aDiVito, Anna _eDesigner |
||
| 942 |
_2ddc _cBK _n0 |
||
| 999 |
_c7778 _d7778 |
||